000
00311nam a22001337a 4500
008
180306b xxu||||| |||| 00| 0 eng d
020
_a
9780195307382
041
_a
eng
080
_a
94
100
_a
16
101
_a
HIS
245
_a
A history of US war, peace, and all that jazz
_c
Hakim,J
942
_2
udc
_c
BK
999
_c
44214
_d
44214